000 00460nam a2200169 i 4500
001 39157
003 ES-MaACL
005 20230906155912.0
007 t|
008 030227s1972 sp ||||1| spa d
100 1 _aCalle, Ramiro A.
_933700
245 1 0 _aCómo conocer los tests /
_cRamiro A. Calle.
250 _a[1ª ed.].
260 _a[Barcelona :
_bMartínez Roca Juvenil,
_c1972]
300 _a228 p. ;
_c23 cm.
852 _aES-MaACL
_jC-42608
_bR.81639
999 _c39157
_d39157